| 000 | 00706nam a22002297a 4500 | ||
|---|---|---|---|
| 003 | DO-SdBNP | ||
| 005 | 20211201085139.0 | ||
| 007 | ta | ||
| 008 | 211201b2019 pr ||||| |||| 00| p spa d | ||
| 020 | _a9789945608281 | ||
| 040 |
_aDO-SdBNP _bspa _cBNPHU |
||
| 100 | 1 |
_aOstolaza, María, _d1964- _980787 |
|
| 245 | 1 | 0 |
_aMar de huesos / _cMaría Ostolaza. |
| 260 |
_aSan Juan, Puerto Rico : Santo Domingo : _bIsla Negra Editores, _c2019. |
||
| 300 |
_a59 p. ; _c22 cm. |
||
| 490 | 1 | _aFilo de juego | |
| 500 | _aIncluye datos biográficos de la autora en la solapa de la cubierta. | ||
| 590 | _aInventariado, 2021 /LP | ||
| 830 | 0 |
_aFilo de juego _91014 |
|
| 910 | _aLopérez. | ||
| 942 |
_2ddc _cLBS1 |
||
| 999 |
_c51078 _d51078 |
||